[Event "Wroclaw"]
[Site "?"]
[Date "2020.08.27"]
[Round "12.6"]
[White "Kozlowski, Michal"]
[Black "Luberanski, Jakub"]
[Result "0-1"]
[BlackElo "2087"]
[WhiteElo "1745"]
[LiveChessVersion "1.4.8"]

1. e4 {[%clk 0:03:03]} c5 {[%clk 0:03:03]} 2. Ne2 {[%clk 0:03:04]} e6
{[%clk 0:03:04]} 3. c4 {[%clk 0:03:03]} Nc6 {[%clk 0:03:04]} 4. d4
{[%clk 0:03:04]} cxd4 {[%clk 0:03:04]} 5. Nxd4 {[%clk 0:03:05]} Nf6
{[%clk 0:03:05]} 6. Nc3 {[%clk 0:02:43]} Bb4 {[%clk 0:03:05]} 7. Nxc6
{[%clk 0:02:31]} bxc6 {[%clk 0:03:05]} 8. Qf3 {[%clk 0:02:22]} d5
{[%clk 0:02:50]} 9. cxd5 {[%clk 0:02:15]} cxd5 {[%clk 0:02:50]} 10. Bb5+
{[%clk 0:02:08]} Bd7 {[%clk 0:02:51]} 11. Bxd7+ {[%clk 0:02:03]} Qxd7
{[%clk 0:02:52]} 12. exd5 {[%clk 0:01:54]} Qxd5 {[%clk 0:02:39]} 13. Qxd5
{[%clk 0:01:26]} Nxd5 {[%clk 0:02:40]} 14. Bd2 {[%clk 0:01:27]} Bxc3
{[%clk 0:02:29]} 15. Bxc3 {[%clk 0:01:28]} Nxc3 {[%clk 0:02:26]} 16. bxc3
{[%clk 0:01:29]} Rc8 {[%clk 0:02:27]} 17. Kd2 {[%clk 0:01:23]} Ke7
{[%clk 0:02:22]} 18. Kc2 {[%clk 0:01:23]} Rc4 {[%clk 0:02:05]} 19. Rab1
{[%clk 0:01:21]} Rhc8 {[%clk 0:02:05]} 20. Rb3 {[%clk 0:01:02]} a5
{[%clk 0:01:43]} 21. Rd1 {[%clk 0:00:59]} R8c7 {[%clk 0:01:22]} 22. Rd3
{[%clk 0:00:54]} h5 {[%clk 0:01:14]} 23. Rb5 {[%clk 0:00:49]} R4c5
{[%clk 0:01:05]} 24. Rxc5 {[%clk 0:00:39]} Rxc5 {[%clk 0:01:06]} 25. Rd4
{[%clk 0:00:40]} e5 {[%clk 0:00:52]} 26. Rd1 {[%clk 0:00:36]} g5 {[%clk 0:00:48]}
27. Rb1 {[%clk 0:00:38]} Ke6 {[%clk 0:00:45]} 28. f3 {[%clk 0:00:27]} Kf5
{[%clk 0:00:45]} 29. g3 {[%clk 0:00:25]} f6 {[%clk 0:00:37]} 30. h3
{[%clk 0:00:13]} h4 {[%clk 0:00:27]} 31. gxh4 {[%clk 0:00:06]} gxh4
{[%clk 0:00:28]} 32. Re1 {[%clk 0:00:06]} Kf4 {[%clk 0:00:20]} 33. Re4+
{[%clk 0:00:07]} Kxf3 {[%clk 0:00:12]} 34. Rxh4 {[%clk 0:00:08]} Rd5
{[%clk 0:00:13]} 35. Rh5 {[%clk 0:00:07]} Kf4 {[%clk 0:00:12]} 36. Rh4+
{[%clk 0:00:09]} Kg5 {[%clk 0:00:10]} 37. Rg4+ {[%clk 0:00:10]} Kf5
{[%clk 0:00:11]} 38. c4 {[%clk 0:00:08]} Rd8 {[%clk 0:00:09]} 39. Rg1
{[%clk 0:00:06]} e4 {[%clk 0:00:10]} 40. Kc3 {[%clk 0:00:06]} Ke5
{[%clk 0:00:11]} 41. h4 {[%clk 0:00:07]} f5 {[%clk 0:00:11]} 42. h5
{[%clk 0:00:08]} f4 {[%clk 0:00:11]} 43. h6 {[%clk 0:00:07]} Rh8 {[%clk 0:00:11]}
44. Rg5+ {[%clk 0:00:08]} Kf6 {[%clk 0:00:12]} 45. Rh5 {[%clk 0:00:09]} Kg6
{[%clk 0:00:12]} 46. Re5 {[%clk 0:00:06]} e3 {[%clk 0:00:12]} 47. Rxa5
{[%clk 0:00:07]} f3 {[%clk 0:00:12]} 48. Kd3 {[%clk 0:00:07]} Re8
{[%clk 0:00:11]} 49. Ra6+ {[%clk 0:00:08]} Kh7 {[%clk 0:00:12]} 50. Rb6
{[%clk 0:00:05]} e2 {[%clk 0:00:12]} 51. Rb7+ {[%clk 0:00:05]} Kxh6
{[%clk 0:00:13]} 52. Rb1 {[%clk 0:00:06]} e1=Q {[%clk 0:00:11]} 0-1

[Event "Wroclaw"]
[Site "?"]
[Date "2020.08.27"]
[Round "12.7"]
[White "Baum, Jonasz"]
[Black "Czechowski, Jakub"]
[Result "1-0"]
[BlackElo "1750"]
[WhiteElo "2187"]
[LiveChessVersion "1.4.8"]

1. e4 {[%clk 0:03:03]} e5 {[%clk 0:03:02]} 2. Nf3 {[%clk 0:03:04]} Nc6
{[%clk 0:03:04]} 3. d4 {[%clk 0:03:06]} exd4 {[%clk 0:03:05]} 4. Bc4
{[%clk 0:03:07]} Nf6 {[%clk 0:03:05]} 5. O-O {[%clk 0:03:08]} Nxe4
{[%clk 0:03:05]} 6. Nc3 {[%clk 0:03:06]} Nxc3 {[%clk 0:02:42]} 7. bxc3
{[%clk 0:03:07]} Be7 {[%clk 0:02:29]} 8. cxd4 {[%clk 0:03:01]} d5
{[%clk 0:02:19]} 9. Bb5 {[%clk 0:03:01]} Bd7 {[%clk 0:02:19]} 10. c4
{[%clk 0:02:35]} O-O {[%clk 0:01:49]} 11. cxd5 {[%clk 0:02:12]} Nb8
{[%clk 0:01:37]} 12. Bd3 {[%clk 0:01:20]} g6 {[%clk 0:01:21]} 13. Bh6
{[%clk 0:01:12]} Re8 {[%clk 0:01:21]} 14. Ne5 {[%clk 0:01:11]} Bf6
{[%clk 0:01:17]} 15. Qb3 {[%clk 0:00:54]} Qc8 {[%clk 0:00:34]} 16. Bc4
{[%clk 0:00:43]} Rxe5 {[%clk 0:00:10]} 17. dxe5 {[%clk 0:00:40]} Bxe5
{[%clk 0:00:12]} 18. Rae1 {[%clk 0:00:35]} Bd6 {[%clk 0:00:13]} 19. Qc3
{[%clk 0:00:33]} Bf8 {[%clk 0:00:12]} 20. Bxf8 {[%clk 0:00:29]} Qxf8
{[%clk 0:00:13]} 21. Qf6 {[%clk 0:00:23]} Bf5 {[%clk 0:00:05]} 22. d6
{[%clk 0:00:10]} Nd7 {[%clk 0:00:05]} 23. Qe7 {[%clk 0:00:11]} cxd6 24. Bd5
{[%clk 0:00:08]} Rb8 {[%clk 0:00:04]} 25. Qxf8+ {[%clk 0:00:08]} Nxf8 1-0

[Event "Wroclaw"]
[Site "?"]
[Date "2020.08.27"]
[Round "12.8"]
[White "Grzesik, Gracjan"]
[Black "Szydlo, Michal"]
[Result "1/2-1/2"]
[BlackElo "1836"]
[WhiteElo "1927"]
[LiveChessVersion "1.4.8"]

1. c4 {[%clk 0:03:04]} e5 {[%clk 0:03:04]} 2. Nc3 {[%clk 0:03:05]} Nf6
{[%clk 0:03:05]} 3. g3 {[%clk 0:03:06]} d5 {[%clk 0:03:04]} 4. cxd5
{[%clk 0:03:07]} Nxd5 {[%clk 0:03:03]} 5. Bg2 {[%clk 0:03:08]} Ne7
{[%clk 0:02:57]} 6. Nf3 {[%clk 0:02:52]} Nbc6 {[%clk 0:02:58]} 7. d3
{[%clk 0:02:50]} g6 {[%clk 0:02:58]} 8. O-O {[%clk 0:02:34]} Bg7 {[%clk 0:02:59]}
9. Bd2 {[%clk 0:02:24]} O-O {[%clk 0:03:00]} 10. Rc1 {[%clk 0:02:25]} Nd4
{[%clk 0:02:40]} 11. Na4 {[%clk 0:01:57]} c6 {[%clk 0:02:10]} 12. Bb4
{[%clk 0:01:10]} Re8 {[%clk 0:02:03]} 13. e3 {[%clk 0:00:43]} Nxf3+
{[%clk 0:02:01]} 14. Bxf3 {[%clk 0:00:41]} Nd5 {[%clk 0:01:59]} 15. Bd2
{[%clk 0:00:25]} Nb6 {[%clk 0:01:38]} 16. Nc5 {[%clk 0:00:24]} Nd7
{[%clk 0:01:39]} 17. Bb4 {[%clk 0:00:09]} Nxc5 {[%clk 0:01:35]} 18. Bxc5
{[%clk 0:00:09]} Bf5 {[%clk 0:01:30]} 19. e4 {[%clk 0:00:05]} Be6
{[%clk 0:01:31]} 20. b3 {[%clk 0:00:05]} Qd7 {[%clk 0:01:25]} 21. Qc2
{[%clk 0:00:05]} a6 {[%clk 0:01:20]} 22. Rfd1 {[%clk 0:00:04]} Rad8
{[%clk 0:01:06]} 23. Bb6 {[%clk 0:00:06]} Rc8 {[%clk 0:01:07]} 24. Bc5
{[%clk 0:00:04]} Ra8 {[%clk 0:00:55]} 25. Qb2 {[%clk 0:00:04]} a5
{[%clk 0:00:44]} 26. d4 {[%clk 0:00:04]} exd4 {[%clk 0:00:45]} 27. Bxd4
{[%clk 0:00:06]} Bxd4 {[%clk 0:00:45]} 28. Rxd4 {[%clk 0:00:07]} Qe7
{[%clk 0:00:45]} 29. Rcd1 {[%clk 0:00:05]} Rad8 {[%clk 0:00:43]} 30. Kg2
{[%clk 0:00:04]} Qc7 {[%clk 0:00:38]} 31. Rxd8 {[%clk 0:00:04]} Rxd8
{[%clk 0:00:40]} 32. Rxd8+ {[%clk 0:00:05]} Qxd8 {[%clk 0:00:41]} 33. Qc2
{[%clk 0:00:05]} Qd6 {[%clk 0:00:38]} 34. Qb2 {[%clk 0:00:04]} h5
{[%clk 0:00:28]} 35. h4 {[%clk 0:00:05]} Qd7 {[%clk 0:00:17]} 1/2-1/2

[Event "Wroclaw"]
[Site "?"]
[Date "2020.08.27"]
[Round "12.9"]
[White "Czernek, Tymon"]
[Black "Lichorad, Mateusz"]
[Result "1/2-1/2"]
[BlackElo "1656"]
[WhiteElo "2067"]
[LiveChessVersion "1.4.8"]

1. e4 {[%clk 0:03:03]} c5 {[%clk 0:03:03]} 2. Nf3 {[%clk 0:03:05]} e6 3. d4 cxd4
{[%clk 0:03:05]} 4. Nxd4 {[%clk 0:03:07]} Nc6 {[%clk 0:03:06]} 5. Nc3
{[%clk 0:03:06]} Qc7 {[%clk 0:03:07]} 6. Be3 {[%clk 0:03:02]} a6 {[%clk 0:03:08]}
7. Be2 {[%clk 0:03:00]} Nf6 {[%clk 0:03:05]} 8. O-O {[%clk 0:02:54]} Be7
{[%clk 0:03:03]} 9. f4 {[%clk 0:02:50]} d6 {[%clk 0:03:04]} 10. Bf3
{[%clk 0:02:41]} Bd7 {[%clk 0:03:01]} 11. Kh1 {[%clk 0:02:26]} O-O
{[%clk 0:02:48]} 12. a4 {[%clk 0:02:20]} Rac8 {[%clk 0:02:22]} 13. Nxc6
{[%clk 0:02:03]} Bxc6 {[%clk 0:02:19]} 14. a5 {[%clk 0:02:04]} Nd7
{[%clk 0:01:53]} 15. Qe1 {[%clk 0:01:46]} Bf6 {[%clk 0:01:37]} 16. Qd2
{[%clk 0:01:16]} Rfd8 {[%clk 0:00:45]} 17. Bd4 {[%clk 0:01:03]} Bxd4
{[%clk 0:00:41]} 18. Qxd4 {[%clk 0:01:04]} Nf6 {[%clk 0:00:35]} 19. Qf2
{[%clk 0:00:49]} d5 {[%clk 0:00:36]} 20. e5 {[%clk 0:00:49]} Ne4 {[%clk 0:00:30]}
21. Bxe4 {[%clk 0:00:42]} dxe4 {[%clk 0:00:31]} 22. Qe3 {[%clk 0:00:43]} Bd5
{[%clk 0:00:30]} 23. Rfd1 {[%clk 0:00:26]} Qc5 {[%clk 0:00:19]} 24. Qxc5
{[%clk 0:00:26]} Rxc5 {[%clk 0:00:20]} 25. Rac1 {[%clk 0:00:08]} Rdc8
{[%clk 0:00:13]} 26. Nxd5 {[%clk 0:00:07]} exd5 {[%clk 0:00:13]} 27. c3
{[%clk 0:00:08]} f6 {[%clk 0:00:12]} 28. exf6 {[%clk 0:00:08]} gxf6
{[%clk 0:00:13]} 29. Ra1 {[%clk 0:00:09]} Kf7 {[%clk 0:00:12]} 30. Kg1
{[%clk 0:00:10]} Ke6 {[%clk 0:00:14]} 31. Kf2 {[%clk 0:00:12]} f5
{[%clk 0:00:15]} 32. Ke3 {[%clk 0:00:12]} Rb5 {[%clk 0:00:14]} 33. Rd2
{[%clk 0:00:05]} Rc4 {[%clk 0:00:13]} 34. Ra3 {[%clk 0:00:04]} Rcc5
{[%clk 0:00:14]} 35. b4 {[%clk 0:00:05]} Rc4 {[%clk 0:00:14]} 36. Rd4
{[%clk 0:00:06]} Rc6 {[%clk 0:00:07]} 37. h3 {[%clk 0:00:06]} Rc8
{[%clk 0:00:07]} 38. g4 {[%clk 0:00:05]} fxg4 {[%clk 0:00:06]} 39. hxg4
{[%clk 0:00:06]} Rg8 {[%clk 0:00:08]} 40. g5 {[%clk 0:00:06]} h6 {[%clk 0:00:08]}
41. gxh6 {[%clk 0:00:05]} Rg3+ {[%clk 0:00:09]} 42. Ke2 {[%clk 0:00:06]} Rh3
{[%clk 0:00:10]} 43. Ra1 {[%clk 0:00:04]} Kf5 {[%clk 0:00:10]} 44. Rad1
{[%clk 0:00:04]} Kxf4 {[%clk 0:00:09]} 45. Rxd5 {[%clk 0:00:05]} Rxd5
{[%clk 0:00:10]} 46. Rxd5 {[%clk 0:00:06]} Rh2+ {[%clk 0:00:11]} 47. Kf1
{[%clk 0:00:07]} Ke3 {[%clk 0:00:10]} 48. Rd6 {[%clk 0:00:04]} Rh1+
{[%clk 0:00:09]} 49. Kg2 {[%clk 0:00:06]} Rh5 {[%clk 0:00:10]} 50. c4
{[%clk 0:00:06]} Ke2 {[%clk 0:00:10]} 51. Kg3 {[%clk 0:00:04]} e3
{[%clk 0:00:11]} 52. Kg4 {[%clk 0:00:05]} Rh1 {[%clk 0:00:12]} 53. Kg5
{[%clk 0:00:06]} Kf1 {[%clk 0:00:11]} 54. Rf6+ {[%clk 0:00:06]} Kg2
{[%clk 0:00:12]} 55. Re6 {[%clk 0:00:07]} Kf2 {[%clk 0:00:13]} 56. Kg6
{[%clk 0:00:07]} e2 {[%clk 0:00:12]} 57. h7 {[%clk 0:00:04]} e1=Q 58. Rxe1
{[%clk 0:00:04]} Kxe1 {[%clk 0:00:12]} 59. Kg7 {[%clk 0:00:05]} Rg1+
{[%clk 0:00:13]} 60. Kf7 {[%clk 0:00:06]} Rf1+ {[%clk 0:00:14]} 61. Kg7
{[%clk 0:00:08]} Rg1+ {[%clk 0:00:15]} 62. Kf7 {[%clk 0:00:09]} Rf1+
{[%clk 0:00:16]} 63. Kg7 {[%clk 0:00:10]} Rg1+ {[%clk 0:00:16]} 64. Kf7 1/2-1/2

[Event "Wroclaw"]
[Site "?"]
[Date "2020.08.27"]
[Round "13.1"]
[White "Kacprzak, Kacper"]
[Black "Niedbala, Bartlomiej"]
[Result "1/2-1/2"]
[BlackElo "2131"]
[WhiteElo "2035"]
[LiveChessVersion "1.4.8"]

1. e4 {[%clk 0:03:03]} c5 {[%clk 0:03:04]} 2. Nf3 {[%clk 0:03:05]} g6 3. d4 cxd4
{[%clk 0:03:07]} 4. Nxd4 {[%clk 0:03:07]} Nc6 {[%clk 0:03:08]} 5. c4
{[%clk 0:03:08]} Nf6 {[%clk 0:03:08]} 6. Nc3 {[%clk 0:03:07]} Nxd4
{[%clk 0:03:09]} 7. Qxd4 {[%clk 0:03:08]} d6 {[%clk 0:03:10]} 8. Be3
{[%clk 0:03:05]} Bg7 {[%clk 0:03:12]} 9. f3 {[%clk 0:03:06]} O-O {[%clk 0:03:12]}
10. Qd2 {[%clk 0:03:07]} Bd7 {[%clk 0:03:13]} 11. Be2 a5 12. O-O {[%clk 0:03:07]}
Bc6 {[%clk 0:03:16]} 13. Rfd1 {[%clk 0:03:05]} Nd7 {[%clk 0:03:18]} 14. Rac1
{[%clk 0:03:04]} Nc5 {[%clk 0:03:18]} 15. Nb5 {[%clk 0:02:51]} Bxb5
{[%clk 0:03:03]} 16. cxb5 {[%clk 0:02:52]} Qb6 {[%clk 0:03:00]} 17. a4
{[%clk 0:02:48]} Rfc8 {[%clk 0:02:45]} 18. Kf1 {[%clk 0:02:26]} Be5
{[%clk 0:02:33]} 19. g3 {[%clk 0:02:26]} Qc7 {[%clk 0:02:05]} 20. Kg2
{[%clk 0:02:13]} b6 {[%clk 0:01:56]} 21. Bc4 {[%clk 0:02:07]} e6 {[%clk 0:01:32]}
22. b3 {[%clk 0:01:53]} Qb7 {[%clk 0:01:32]} 23. h4 {[%clk 0:01:36]} h5
{[%clk 0:01:28]} 24. Qe2 {[%clk 0:01:29]} Re8 {[%clk 0:01:10]} 25. Kh2
{[%clk 0:01:17]} Qe7 {[%clk 0:01:11]} 26. Kg2 {[%clk 0:01:12]} Qc7
{[%clk 0:01:04]} 27. Bf2 {[%clk 0:00:47]} Rad8 {[%clk 0:00:59]} 28. g4
{[%clk 0:00:37]} hxg4 {[%clk 0:00:57]} 29. fxg4 {[%clk 0:00:38]} Qb7
{[%clk 0:00:58]} 30. Bxc5 {[%clk 0:00:33]} dxc5 {[%clk 0:00:58]} 31. Qe3
{[%clk 0:00:20]} Bb8 {[%clk 0:00:55]} 32. h5 {[%clk 0:00:18]} Qc7
{[%clk 0:00:43]} 33. Rh1 {[%clk 0:00:19]} Qf4 {[%clk 0:00:17]} 34. Qxf4
{[%clk 0:00:19]} Bxf4 {[%clk 0:00:18]} 35. Rcd1 {[%clk 0:00:21]} g5
{[%clk 0:00:15]} 36. Be2 {[%clk 0:00:12]} Be5 {[%clk 0:00:10]} 37. Rxd8
{[%clk 0:00:12]} Rxd8 {[%clk 0:00:11]} 38. Rd1 {[%clk 0:00:13]} Bd4
{[%clk 0:00:13]} 39. Kf3 {[%clk 0:00:13]} Kg7 {[%clk 0:00:14]} 40. Rh1
{[%clk 0:00:07]} Rh8 {[%clk 0:00:13]} 41. Rd1 {[%clk 0:00:09]} Rh6
{[%clk 0:00:13]} 42. Rf1 {[%clk 0:00:10]} Rh8 {[%clk 0:00:11]} 43. Rd1
{[%clk 0:00:11]} Rf8 {[%clk 0:00:09]} 44. Bd3 {[%clk 0:00:12]} Rh8
{[%clk 0:00:09]} 45. Rh1 {[%clk 0:00:13]} Kf6 {[%clk 0:00:10]} 46. Re1
{[%clk 0:00:12]} Ke5 {[%clk 0:00:11]} 47. Rf1 {[%clk 0:00:12]} Rh6
{[%clk 0:00:11]} 48. Kg3 {[%clk 0:00:13]} Rh7 {[%clk 0:00:11]} 49. Rf3
{[%clk 0:00:12]} Bb2 {[%clk 0:00:10]} 50. Bc2 {[%clk 0:00:11]} Bd4
{[%clk 0:00:08]} 51. Bd3 {[%clk 0:00:13]} Kd6 {[%clk 0:00:06]} 52. e5+
{[%clk 0:00:13]} Bxe5+ {[%clk 0:00:06]} 53. Kg2 {[%clk 0:00:15]} Rh8 54. Be4 f6
{[%clk 0:00:06]} 55. Rd3+ {[%clk 0:00:17]} Bd4 {[%clk 0:00:07]} 56. Rh3
{[%clk 0:00:17]} Ke5 {[%clk 0:00:09]} 57. Bc2 {[%clk 0:00:15]} f5
{[%clk 0:00:10]} 58. Kf3 {[%clk 0:00:10]} Kf6 {[%clk 0:00:10]} 59. h6
{[%clk 0:00:08]} Be5 {[%clk 0:00:06]} 60. h7 {[%clk 0:00:08]} f4 {[%clk 0:00:05]}
61. Rh6+ {[%clk 0:00:10]} Ke7 {[%clk 0:00:06]} 62. Bd3 {[%clk 0:00:09]} Rd8
{[%clk 0:00:07]} 63. Bc4 {[%clk 0:00:10]} Bf6 {[%clk 0:00:07]} 64. Ke4
{[%clk 0:00:10]} Rd4+ {[%clk 0:00:08]} 65. Kf3 {[%clk 0:00:12]} Rd8
{[%clk 0:00:09]} 66. Ke4 {[%clk 0:00:13]} Rd4+ {[%clk 0:00:08]} 67. Kf3
{[%clk 0:00:14]} Rd8 {[%clk 0:00:09]} 68. Ke4 {[%clk 0:00:14]} Kf7
{[%clk 0:00:07]} 69. Kf3 {[%clk 0:00:10]} Kg7 {[%clk 0:00:08]} 70. Rh1
{[%clk 0:00:10]} Rh8 {[%clk 0:00:08]} 71. Bxe6 {[%clk 0:00:11]} Rxh7
{[%clk 0:00:09]} 72. Rxh7+ {[%clk 0:00:10]} Kxh7 {[%clk 0:00:10]} 73. Ke4
{[%clk 0:00:11]} Kg7 {[%clk 0:00:07]} 74. Bd5 {[%clk 0:00:12]} Bc3
{[%clk 0:00:08]} 75. Kf5 {[%clk 0:00:13]} Bf6 {[%clk 0:00:08]} 76. Bf3
{[%clk 0:00:14]} Kf7 {[%clk 0:00:09]} 77. Bd5+ Ke7 78. Bf3 {[%clk 0:00:14]} Kf7
{[%clk 0:00:08]} 79. Ke4 1/2-1/2

[Event "Wroclaw"]
[Site "?"]
[Date "2020.08.27"]
[Round "13.2"]
[White "Ochedzan, Tymon"]
[Black "Oglaza, Oskar"]
[Result "1-0"]
[BlackElo "2183"]
[WhiteElo "1972"]
[LiveChessVersion "1.4.8"]

1. e4 {[%clk 0:03:03]} c5 {[%clk 0:03:02]} 2. Nf3 {[%clk 0:03:04]} a6
{[%clk 0:03:01]} 3. c4 {[%clk 0:03:04]} e6 {[%clk 0:02:45]} 4. Nc3
{[%clk 0:03:03]} Nc6 {[%clk 0:02:40]} 5. d4 {[%clk 0:03:02]} cxd4
{[%clk 0:02:40]} 6. Nxd4 {[%clk 0:03:03]} Qc7 {[%clk 0:02:41]} 7. Be2
{[%clk 0:02:58]} Nf6 {[%clk 0:02:40]} 8. O-O {[%clk 0:02:54]} Be7
{[%clk 0:02:37]} 9. Be3 {[%clk 0:02:48]} O-O {[%clk 0:02:25]} 10. Qd2
{[%clk 0:02:35]} d6 {[%clk 0:02:08]} 11. Rac1 {[%clk 0:02:24]} Nxd4
{[%clk 0:02:08]} 12. Bxd4 {[%clk 0:02:24]} Nd7 {[%clk 0:02:00]} 13. f4
{[%clk 0:02:10]} b6 {[%clk 0:01:32]} 14. f5 {[%clk 0:02:02]} Bf6 {[%clk 0:01:26]}
15. fxe6 {[%clk 0:01:39]} fxe6 {[%clk 0:01:26]} 16. Bg4 {[%clk 0:01:28]} Ne5
{[%clk 0:01:13]} 17. Bxe5 {[%clk 0:01:05]} Qc5+ {[%clk 0:01:12]} 18. Kh1
{[%clk 0:00:58]} Qxe5 {[%clk 0:01:08]} 19. Rcd1 {[%clk 0:00:42]} Be7
{[%clk 0:01:08]} 20. Rxf8+ {[%clk 0:00:40]} Bxf8 {[%clk 0:01:09]} 21. Qf2
{[%clk 0:00:35]} Qc5 {[%clk 0:00:35]} 22. Qf3 {[%clk 0:00:29]} e5
{[%clk 0:00:16]} 23. Rf1 {[%clk 0:00:26]} Bxg4 {[%clk 0:00:06]} 24. Qf7+
{[%clk 0:00:27]} Kh8 {[%clk 0:00:07]} 25. Qxf8+ {[%clk 0:00:28]} Rxf8
{[%clk 0:00:08]} 26. Rxf8# 1-0

[Event "Wroclaw"]
[Site "?"]
[Date "2020.08.27"]
[Round "13.3"]
[White "Luberanski, Jakub"]
[Black "Koziorowicz, Michal"]
[Result "1-0"]
[BlackElo "2061"]
[WhiteElo "2087"]
[LiveChessVersion "1.4.8"]

1. e4 {[%clk 0:03:03]} c5 {[%clk 0:03:04]} 2. Nf3 {[%clk 0:03:04]} d6
{[%clk 0:03:05]} 3. d3 {[%clk 0:03:00]} g6 {[%clk 0:03:06]} 4. g3
{[%clk 0:03:01]} Bg7 {[%clk 0:03:07]} 5. Bg2 {[%clk 0:03:02]} Nc6
{[%clk 0:03:07]} 6. O-O {[%clk 0:03:02]} e6 {[%clk 0:03:08]} 7. c3
{[%clk 0:03:02]} Nge7 {[%clk 0:03:09]} 8. d4 {[%clk 0:03:02]} cxd4
{[%clk 0:03:07]} 9. cxd4 {[%clk 0:03:03]} O-O {[%clk 0:03:07]} 10. Nc3
{[%clk 0:03:00]} a6 {[%clk 0:03:07]} 11. Be3 {[%clk 0:02:40]} b5 {[%clk 0:03:07]}
12. a3 {[%clk 0:02:41]} Bb7 {[%clk 0:03:08]} 13. d5 {[%clk 0:02:28]} exd5
{[%clk 0:03:04]} 14. exd5 {[%clk 0:02:28]} Na5 {[%clk 0:02:52]} 15. Bd4
{[%clk 0:02:28]} Bxd4 {[%clk 0:02:48]} 16. Nxd4 {[%clk 0:02:29]} Rc8
{[%clk 0:02:47]} 17. Rc1 {[%clk 0:02:13]} Nc4 {[%clk 0:02:48]} 18. Rc2
{[%clk 0:01:41]} Qb6 {[%clk 0:02:45]} 19. Re1 {[%clk 0:01:40]} Rfe8
{[%clk 0:02:43]} 20. Qd3 {[%clk 0:01:17]} Ne5 {[%clk 0:02:27]} 21. Qd2
{[%clk 0:01:06]} Rc5 {[%clk 0:02:18]} 22. Qh6 {[%clk 0:00:22]} Nxd5
{[%clk 0:01:59]} 23. Nxd5 {[%clk 0:00:22]} Bxd5 {[%clk 0:01:58]} 24. Rd2
{[%clk 0:00:06]} Bxg2 {[%clk 0:01:55]} 25. Kxg2 {[%clk 0:00:07]} Rd5
{[%clk 0:01:54]} 26. Nf5 {[%clk 0:00:04]} gxf5 {[%clk 0:01:30]} 27. Rxd5
{[%clk 0:00:05]} Qc6 {[%clk 0:01:04]} 28. Qxd6 {[%clk 0:00:06]} Re6
{[%clk 0:00:36]} 29. Qxc6 {[%clk 0:00:05]} Nxc6 {[%clk 0:00:37]} 30. Rxe6
{[%clk 0:00:06]} fxe6 {[%clk 0:00:38]} 31. Rd6 {[%clk 0:00:07]} Na5
{[%clk 0:00:39]} 32. Rxa6 {[%clk 0:00:06]} Nc4 {[%clk 0:00:41]} 33. Rxe6
{[%clk 0:00:07]} Nxb2 {[%clk 0:00:41]} 34. Rb6 {[%clk 0:00:06]} Nc4
{[%clk 0:00:42]} 35. Rxb5 {[%clk 0:00:07]} Nxa3 {[%clk 0:00:43]} 36. Rxf5
{[%clk 0:00:08]} Nc4 {[%clk 0:00:44]} 37. Rc5 {[%clk 0:00:09]} Nd6
{[%clk 0:00:45]} 38. Rc7 {[%clk 0:00:09]} Nf5 {[%clk 0:00:44]} 39. h4
{[%clk 0:00:10]} Nd4 {[%clk 0:00:45]} 40. Ra7 {[%clk 0:00:11]} Nc6
{[%clk 0:00:45]} 41. Rc7 {[%clk 0:00:11]} Nd4 {[%clk 0:00:46]} 42. g4
{[%clk 0:00:11]} Ne6 {[%clk 0:00:48]} 43. Ra7 {[%clk 0:00:12]} Nf4+
{[%clk 0:00:48]} 44. Kg3 {[%clk 0:00:13]} Ne6 {[%clk 0:00:50]} 45. f4
{[%clk 0:00:14]} Nd4 {[%clk 0:00:51]} 46. h5 {[%clk 0:00:13]} Nc6
{[%clk 0:00:51]} 47. Rc7 {[%clk 0:00:13]} Nd4 {[%clk 0:00:52]} 48. h6
{[%clk 0:00:13]} Ne6 {[%clk 0:00:51]} 49. Ra7 {[%clk 0:00:14]} Nc5
{[%clk 0:00:49]} 50. g5 {[%clk 0:00:14]} Ne4+ {[%clk 0:00:49]} 51. Kg4
{[%clk 0:00:15]} Nd6 {[%clk 0:00:50]} 52. Rg7+ {[%clk 0:00:16]} Kh8
{[%clk 0:00:45]} 53. Rd7 {[%clk 0:00:17]} Ne8 {[%clk 0:00:46]} 54. Rd8
{[%clk 0:00:16]} Kg8 {[%clk 0:00:47]} 55. Rxe8+ {[%clk 0:00:17]} Kf7
{[%clk 0:00:48]} 56. Rh8 {[%clk 0:00:17]} Kg6 {[%clk 0:00:49]} 57. Rxh7
{[%clk 0:00:16]} Kxh7 {[%clk 0:00:50]} 58. Kh5 {[%clk 0:00:17]} Kg8
{[%clk 0:00:51]} 59. g6 {[%clk 0:00:18]} Kh8 {[%clk 0:00:53]} 60. f5
{[%clk 0:00:19]} Kg8 {[%clk 0:00:54]} 61. f6 {[%clk 0:00:21]} Kh8
{[%clk 0:00:55]} 62. Kg5 {[%clk 0:00:19]} Kg8 {[%clk 0:00:57]} 63. Kf5
{[%clk 0:00:20]} Kh8 {[%clk 0:00:57]} 64. Ke6 {[%clk 0:00:21]} Kg8
{[%clk 0:00:59]} 65. h7+ {[%clk 0:00:18]} Kh8 {[%clk 0:00:59]} 66. g7+
{[%clk 0:00:19]} Kxh7 {[%clk 0:01:01]} 67. Kf7 {[%clk 0:00:20]} 1-0

[Event "Wroclaw"]
[Site "?"]
[Date "2020.08.27"]
[Round "13.4"]
[White "Skurniak, Szymon"]
[Black "Baum, Jonasz"]
[Result "1-0"]
[BlackElo "2187"]
[WhiteElo "1963"]
[LiveChessVersion "1.4.8"]

1. e4 {[%clk 0:03:03]} e6 {[%clk 0:03:04]} 2. d4 {[%clk 0:03:01]} d5
{[%clk 0:03:05]} 3. Nc3 {[%clk 0:03:02]} Bb4 {[%clk 0:03:05]} 4. e5
{[%clk 0:03:03]} c5 {[%clk 0:03:06]} 5. a3 {[%clk 0:03:05]} Ba5 {[%clk 0:03:07]}
6. b4 {[%clk 0:03:05]} cxd4 {[%clk 0:03:08]} 7. Nb5 {[%clk 0:03:07]} Bc7
{[%clk 0:03:09]} 8. f4 {[%clk 0:03:06]} Bd7 {[%clk 0:03:10]} 9. Nxd4
{[%clk 0:03:04]} Ne7 {[%clk 0:02:59]} 10. Ngf3 {[%clk 0:03:04]} Bb6
{[%clk 0:02:50]} 11. Bd3 {[%clk 0:03:00]} a6 {[%clk 0:02:30]} 12. Be3
{[%clk 0:02:48]} Nbc6 {[%clk 0:02:18]} 13. c3 {[%clk 0:02:49]} Nxd4
{[%clk 0:02:11]} 14. cxd4 {[%clk 0:02:26]} Bb5 {[%clk 0:02:00]} 15. Bxb5+
{[%clk 0:02:01]} axb5 16. Qd3 Qd7 {[%clk 0:02:02]} 17. O-O {[%clk 0:01:44]} O-O
{[%clk 0:01:49]} 18. Nd2 {[%clk 0:01:30]} Rfc8 {[%clk 0:01:43]} 19. Rfc1
{[%clk 0:01:20]} Rc4 {[%clk 0:01:05]} 20. Nxc4 {[%clk 0:01:17]} dxc4
{[%clk 0:01:02]} 21. Qe4 {[%clk 0:01:10]} Qd5 {[%clk 0:00:53]} 22. Qxd5
{[%clk 0:00:57]} Nxd5 {[%clk 0:00:54]} 23. Kf2 {[%clk 0:00:58]} Kf8
{[%clk 0:00:46]} 24. a4 {[%clk 0:00:36]} Nxb4 {[%clk 0:00:43]} 25. axb5
{[%clk 0:00:29]} Rc8 {[%clk 0:00:28]} 26. Kf3 {[%clk 0:00:19]} c3
{[%clk 0:00:29]} 27. Ra3 {[%clk 0:00:15]} Nd5 {[%clk 0:00:24]} 28. Bd2
{[%clk 0:00:14]} Bxd4 {[%clk 0:00:19]} 29. Ke4 {[%clk 0:00:05]} Bc5
{[%clk 0:00:10]} 30. Raxc3 {[%clk 0:00:05]} Nxc3+ {[%clk 0:00:10]} 31. Rxc3
{[%clk 0:00:06]} b6 {[%clk 0:00:09]} 32. Be3 {[%clk 0:00:07]} Ke7
{[%clk 0:00:05]} 33. Bxc5+ {[%clk 0:00:08]} bxc5 {[%clk 0:00:07]} 34. Kd3
{[%clk 0:00:09]} Rd8+ {[%clk 0:00:08]} 35. Kc4 {[%clk 0:00:09]} Rd4+
{[%clk 0:00:04]} 36. Kxc5 {[%clk 0:00:10]} Rxf4 {[%clk 0:00:05]} 37. Rd3
{[%clk 0:00:08]} Rf2 {[%clk 0:00:04]} 38. Rd4 {[%clk 0:00:09]} Rc2+
{[%clk 0:00:04]} 39. Kb6 {[%clk 0:00:06]} Rxg2 {[%clk 0:00:03]} 40. Kb7
{[%clk 0:00:07]} Rxh2 {[%clk 0:00:04]} 41. b6 {[%clk 0:00:06]} Rb2
{[%clk 0:00:05]} 42. Rc4 {[%clk 0:00:05]} g5 {[%clk 0:00:05]} 43. Rc7+
{[%clk 0:00:06]} Kf8 {[%clk 0:00:05]} 44. Kc6 {[%clk 0:00:07]} h5
{[%clk 0:00:06]} 45. b7 {[%clk 0:00:09]} h4 {[%clk 0:00:05]} 46. Rc8+
{[%clk 0:00:07]} Kg7 {[%clk 0:00:06]} 47. b8=Q {[%clk 0:00:08]} Rxb8
{[%clk 0:00:07]} 48. Rxb8 {[%clk 0:00:10]} h3 {[%clk 0:00:07]} 49. Rb3
{[%clk 0:00:09]} g4 {[%clk 0:00:07]} 50. Rg3 {[%clk 0:00:11]} Kg6
{[%clk 0:00:04]} 51. Rxg4+ {[%clk 0:00:12]} Kh5 {[%clk 0:00:03]} 52. Rg7
{[%clk 0:00:12]} Kh4 {[%clk 0:00:03]} 53. Rxf7 {[%clk 0:00:13]} Kg3
{[%clk 0:00:04]} 54. Kd6 {[%clk 0:00:14]} h2 {[%clk 0:00:04]} 55. Rh7
{[%clk 0:00:15]} 1-0